Sports aux Jeux Olympiques d'hiver 2026 - Statistiques

Statistiques générales
  • Ce quiz a été pris 136 fois
  • Le résultat moyen est 11 sur 16
Statistiques - réponses
Sports % Correct
Biathlon
94%
Patinage artistique
91%
Ski alpin
90%
Ski de fond
88%
Bobsleigh
84%
Patinage de vitesse
83%
Curling
80%
Saut à ski
80%
Luge
75%
Snowboard
72%
Hockey sur glace
69%
Skeleton
65%
Ski acrobatique
51%
Combiné Nordique
50%
Patinage de vitesse sur piste courte
30%
Ski-Alpinisme
28%
Aucun quiz correspondant
Distribution des résultats
% des personnes avec chaque résultat
Percentile par nombre de réponses
Votre historique - résultats
Vous n’avez pas pris ce quiz